00871nam a2200241 i 4500001001000000003000900010005001700019007000300036008004100039040003000080082001400110100003900124245007100163264004600234300002600280336002700306337003300333338002800366490002400394500007300418500010500491504003300596000033212DO-SdBNP20241015140953.0ta110328s1968 dr 000 0 spa d aDO-SdBNPbspacBNPHUerda bC794r2221 aCordero Michel, Emilio,d1929-201813aLa revolución Haitiana y Santo Domingo /cEmilio Cordero Michel. 1aSanto Domingo :bEditora Nacional,c1968. a116 páginasc23 cm. 2rdacontentatextobtxt 2rdamediaasin mediaciónbn 2rdacarrieravolumenbnc1 aHistoria y sociedad aIncluye referencias bibliográficas y notas al pie de las páginas aEl ejemplar numero 1 esta dedicado por el autor a la Sra. Aida Cartagena de fecha 10 diciembre 1968. aBibliografía : p. 113 -116